000 00825nam a2200229Ia 4500
001 15811
003 GE_BSU
008 181216s||||||||xx |||||||||||||| ||und||
040 _cGE_BSU
080 _a82-93
100 _aჭიჭინაძე, ამირან
245 _aზაფხული ჩემს უბანში
245 _bმოთხრობა. სასკოლო ასაკის ბავშვებისათვის
245 _cრედ.ლ.ქადაგიშვილი. მხატვ.ა.კაკაბაძე
260 _aთბილისი
260 _bნაკადული
260 _c1967
300 _a113გვ. ; 16სმ
653 _aზაფხული ჩემს უბანში
653 _aმოთხრობა
942 _cBK
999 _c48908
_d48908